000 00617nam a22002057a 4500
005 20220625114840.0
008 220625b ||||| |||| 00| 0 eng d
020 _a9780862104313
040 _cAL
041 _aEnglish
082 _223
_a365.45
_bAMNA
100 _aAmnesty International
_945264
245 _aAmnesty International Report 2008
260 _aLondon
_bAmnesty International Publications
_c2008
300 _a381 p.
_bPB
_c24x17 cm.
650 _aThe State of the Worlds Human Rights
_945265
650 _aAmnesty International
_945266
700 _aAMNESTY INTERNATIONAL
_945267
942 _2ddc
_cGF
999 _c223486
_d223486